| Tag |
First Indicator |
Second Indicator |
Subfields |
| LEADER |
00000cam a2200000 4500 |
| 001 |
in00000239727 |
| 005 |
20151009084957.0 |
| 008 |
790828s1968 cs b 00000 cze d |
| 010 |
|
|
|a 74392044
|
| 015 |
|
|
|a Cz68-4044
|
| 035 |
|
|
|a (OCoLC)05316905
|
| 035 |
|
|
|9 ABA1540AM
|
| 040 |
|
|
|a TXA
|c TXA
|d UtOrBLW
|
| 041 |
1 |
|
|a cze
|a ita
|
| 049 |
|
|
|a TXAM
|c [1336590]
|
| 090 |
|
|
|a HB87
|b .N312
|
| 100 |
1 |
|
|a Napoleoni, Claudio.
|
| 245 |
1 |
0 |
|a Ekonomicke mysleni dvacateho stoleti /
|c Z ital. orig. Il pensiero economico del 900 prel. [a] predml. [naps.] Lumir Smetana.
|
| 250 |
|
|
|a 1 vyd.
|
| 264 |
|
1 |
|a Praha :
|b Academia,
|c 1968.
|
| 300 |
|
|
|a 191 [] pages
|
| 336 |
|
|
|a text
|b txt
|2 rdacontent
|
| 337 |
|
|
|a unmediated
|b n
|2 rdamedia
|
| 338 |
|
|
|a volume
|b nc
|2 rdacarrier
|
| 504 |
|
|
|a Bibliographical footnotes.
|
| 650 |
|
0 |
|a Economics
|x History
|y 20th century.
|
| 999 |
|
|
|a MARS
|
| 999 |
f |
f |
|s 716c362f-b4ab-37d9-b479-7026f4c3f3f3
|i 554e2a7b-84a9-3de1-a2b9-65c3f15d07b5
|t 0
|
| 952 |
f |
f |
|p ric
|a Texas A&M University
|b Rellis Campus
|c Joint Library Facility
|d Remote Storage
|t 0
|e HB87 .N312
|h Library of Congress classification
|i unmediated -- volume
|m A14802528823
|
| 998 |
f |
f |
|a HB87 .N312
|t 0
|l Remote Storage
|